000 01625nam0a2200373 4500
001 RU\NLR\bibl\384999
005 20260406052056.0
010 _a5-89144-308-2
_97000
021 _aRU
_b2003-4752
_9219
035 _a(NLR Aleph) 000379380
090 _a445872
_c445872
100 _a20030317d2003 |||y0rusy50 ca
101 0 _arus
102 _aRU
105 _ay |||||||||
200 1 _aКонспекты интегрированных уроков гуманитарного цикла
_e8-9 кл.
_eКн. для учителя
_fПод ред. А. Б. Малюшкина
210 _aМ.
_cТворч. центр "Сфера"
_d2003
215 _a94,[1] с.
_d21
225 1 _aПоурочное планирование
606 0 _aГуманитарные науки
_xМетодика преподавания
_xСредняя школа
_9913677
_3RU\NLR\auth\66334015
606 0 _aГуманитарные науки
_xПреподавание
_xСредняя школа
_92140978
_3RU\NLR\auth\661290424
610 0 _aГуманитарное образование школьное
610 0 _aМетодика преподавания в школе - Межпредметные связи
675 _a373.5.016:009
_v3
_zrus
686 _a14.23
_2rugasnti
686 _a74.266.3
_2rubbk
686 _aЧ426.302-211.5
702 1 _4340
_8rus
_7ca
_aМалюшкин
_bА. Б.
_gАлександр Борисович
_3RU\NLR\auth\777165
_9117104
801 0 _aRU
_bRKP
_c20030317
_gPSBO
801 1 _aRU
_bRKP
_c20030317
801 2 _aRU
_bNLR
_c20030522
_grcr
942 _cBOOK
980 _aNB